Applied regression analysis (Record no. 37272)
[ view plain ]
| 000 -LEADER | |
|---|---|
| fixed length control field | 00487nam a2200193Ia 4500 |
| 001 - CONTROL NUMBER | |
| control field | 37823 |
| 008 - FIXED-LENGTH DATA ELEMENTS--GENERAL INFORMATION | |
| fixed length control field | 140422s9999 xx 000 0 und d |
| 020 ## - INTERNATIONAL STANDARD BOOK NUMBER | |
| International Standard Book Number | 9812530347 |
| 040 ## - CATALOGING SOURCE | |
| Transcribing agency | PK-LaUMT |
| 082 ## - DEWEY DECIMAL CLASSIFICATION NUMBER | |
| Classification number | 519.536 |
| Item number | DRA-A |
| 100 ## - MAIN ENTRY--PERSONAL NAME | |
| Personal name | Draper, Norman R. |
| 245 ## - TITLE STATEMENT | |
| Title | Applied regression analysis |
| Statement of responsibility, etc | Draper, Norman R.<>Smith, Harry |
| 250 ## - EDITION STATEMENT | |
| Edition statement | 3rd |
| 260 ## - PUBLICATION, DISTRIBUTION, ETC. (IMPRINT) | |
| Place of publication, distribution, etc | New York,USA: |
| Name of publisher, distributor, etc | John Wiley & Sons, |
| Date of publication, distribution, etc | 2005 |
| 300 ## - PHYSICAL DESCRIPTION | |
| Extent | 706 p. |
| 546 ## - LANGUAGE NOTE | |
| Language note | EN |
| 700 ## - ADDED ENTRY--PERSONAL NAME | |
| Personal name | Smith, Harry |
| 942 ## - ADDED ENTRY ELEMENTS (KOHA) | |
| Koha item type | Books |
| Withdrawn status | Lost status | Damaged status | Not for loan | Home library | Current library | Date acquired | Total Checkouts | Full call number | Barcode | Date last seen | Price effective from | Koha item type |
|---|---|---|---|---|---|---|---|---|---|---|---|---|
| UMT Main Campus | UMT Main Campus | 2014-04-22 | 519.536 DRA-A | 40947 | 2014-05-05 | 2014-05-05 | Books |
